000 00664nam a2200205Ia 4500
003 GCL
008 140319s9999 xx 000 0 ara d
040 _aGCL /
_cGCL
082 0 4 _a814.008
_bع ب
100 1 _aعبدالحكيم بلبع
245 1 0 _aبين الادب والنقد - مجموعة مقالات وبحوث /
_cعبدالحكيم بلبع
260 _a[S.N] :
_bالهيئة المصرية العامة للكتاب ،
_c1985
490 _a
650 0 4 _aالشعر العربى
650 0 4 _aالادب العربى
650 0 4 _aالعصر الحديث
650 0 4 _aالمقالات
650 0 4 _aالمجموعات
942 _2ddc
_cBK
999 _c28711
_d28711